书目信息 |
| 题名: |
社会主义工业经济管理
|
|
| 作者: | 白谦德 , 吴嗣登 编 | |
| 分册: | ||
| 出版信息: | 北京 中国经济出版社 1988 |
|
| 页数: | 415页 | |
| 开本: | 20cm | |
| 丛书名: | 管理科学教学丛书 | |
| 单 册: | ||
| 中图分类: | F40 | |
| 科图分类: | ||
| 主题词: | 工业经济--经济理论 | |
| 电子资源: | ||
| ISBN: | 7-5017-0207-1 | |
| 000 | 00688nam0 2200229 450 | |
| 001 | 0660723078 | |
| 005 | 20060809165331.14 | |
| 010 | @a7-5017-0207-1@dCNY5.20 | |
| 100 | @a20060809d1988 km y0chiy0120 ea | |
| 101 | 0 | @achi |
| 102 | @aCN@b110000 | |
| 200 | 1 | @a社会主义工业经济管理@Ashe hui zhu yi gong ye jing ji guan li@f白谦德,吴嗣登编@Fbai qian de,wu si deng bian |
| 210 | @a北京@c中国经济出版社@d1988 | |
| 215 | @a415页@d20cm | |
| 225 | 2 | @a管理科学教学丛书 |
| 410 | 0 | @12001 @a管理科学教学丛书 |
| 606 | 0 | @a工业经济@x经济理论 |
| 690 | @aF40@v3 | |
| 701 | 0 | @a白谦德@Abai qian de@4编 |
| 701 | 0 | @a吴嗣登@Awu si deng@4编 |
| 801 | 0 | @aCN@bPFT@c20060809 |
| 905 | @a10447@dF40@e150 | |
| 社会主义工业经济管理/白谦德,吴嗣登编.-北京:中国经济出版社,1988 |
| 415页;20cm.-(管理科学教学丛书) |
| ISBN 7-5017-0207-1:CNY5.20 |
| ● |
| 相关链接 |
|
|
|
|
正题名:社会主义工业经济管理
索取号:F40/150
 
预约/预借
| 序号 | 登录号 | 条形码 | 馆藏地/架位号 | 状态 | 备注 |
| 1 | 0448100 | 204481006 | 密集书库/ [索取号:F40/150] | 在馆 | |
| 2 | 0448101 | 204481015 | 密集书库/ [索取号:F40/150] | 在馆 |